Multiple-Choice-Stadtquiz Recklinghausen - Statistiken

Allgemein
  • Dieses Quiz wurde 76 mal gespielt
  • Das Durchschnittsergebnis liegt bei 6 aus 10
Antwortstatistiken
Frage Antwort % Korrekt
Welche dieser Städte gehört NICHT zum Kreis Recklinghausen? Herne
81%
Und welche Sehenswürdigkeit liegt wiederum in diesem Park? Sternwarte
72%
Welche dieser Autobahnen führen durch Recklinghausen? A2 und A43
67%
Wie heißt das Einkaufszentrum in der Innenstadt? Palais West
64%
Wie heißt das jährliche Lichterfest? Recklinghausen leuchtet
63%
Wie nennt man die Region um Recklinghausen? Vest
59%
Welcher Fluss fließt durch Recklinghausen? Emscher
55%
An welchen Park grenzt der Tierpark? Stadtgarten
52%
Welche Besonderheit weist der Kreis Recklinghausen auf? Bevölkerungsreichster Landkreis Deutschlands
48%
Welches dieser Museen liegt in Recklinghausen? Ikonenmuseum
48%
Keine übereinstimmenden Quizze gefunden
Verteilung der Resultate
Anzahl Personen mit jedem Resultat
Perzentil nach korrekt beantworteten Fragen
Ihre Resultats-Entwicklung
Sie haben dieses Quiz noch nicht gespielt